000
00261nam a2200097Ia 4500
008
230508s2004 xx 000 0 und d
041
_a
eng
100
_a
MICROSOFT
245
_a
NETWORK PULS CERTIFICATION 2NDRD TRAINING KIT
260
_b
PRENTICE HALL OF IND
_c
2004
999
_c
320288
_d
320288